Υπόθεση Ρίμαν : η εμμονή με τους πρώτους αριθμούς

Αποθηκεύτηκε σε:
Λεπτομέρειες βιβλιογραφικής εγγραφής
Κύριος συγγραφέας: Derbyshire, John
Μορφή: Βιβλίο
Γλώσσα:Greek
English
Δημοσίευση: Αθήνα : Τραυλός, c2006.
Θέματα:
Ετικέτες: Προσθήκη ετικέτας
Δεν υπάρχουν, Καταχωρήστε ετικέτα πρώτοι!

MARC

LEADER 00000cam a2200000 i 4500
001 1/43160
008 070418s2006 gr | ||| |||| ||gre||
020 |a 9606640183 
035 |l 10087536 
040 |a GR-MyUa  |b gre  |e AACR2 
041 1 |a gre  |h eng 
082 7 |a 512.73   |2 (22) 
100 1 |a Derbyshire, John. 
245 1 0 |a Υπόθεση Ρίμαν :   |b η εμμονή με τους πρώτους αριθμούς /   |c John Derbyshire ; [μετάφραση Τεύκρος Μιχαηλίδης].  
260 |a Αθήνα :   |b Τραυλός,   |c c2006. 
300 |a 540 σ. :   |b εικ. ;   |c 21 εκ. 
500 |a Περιλαμβάνει ευρετήριο.  
600 1 0 |a Riemann, Bernhard,   |d 1826-1866. 
650 0 |a Numbers, Prime. 
650 0 |a Series. 
852 |a INST  |b RHODES  |e 20071228  |h 512.73 DER  |p 005400030294  |q 005400030294  |t BK  |y 0 
852 |a INST  |b SAMOS  |e 20080526  |h 512.73 DER  |p 005300030338  |q 005300030338  |t BK  |y 0 
852 |a INST  |b SYROS  |e 20070418  |h 512.73 DER  |p 005500007461  |q 005500007461  |t BK  |y 0 
901 |a BIBL3-2008-2 
901 |a BIBL5-2007-1 
901 |a BIBL4-2007-3 
922 |a 3ΕΛΗ  |b 200711  |c ΕΠΕΑΕΚ2/Τμήμα Μαθηματικών  |d Παπασωτηρίου 
922 |a 5ΕΛΗ  |b 200610  |c Βιβλιοθήκη Σύρου  |d Gory Book 
922 |a 4ΕΛΗ  |b 200711  |c ΕΠΕΑΕΚ2/ΠΤΔΕ  |d Σ. Πατάκης 
970 |a Κοντού  |b Παρασκευή  |z 18/04/2007